La documentación de la auditoría de los balances sociales (Registro nro. 9400)
[ vista simple ]
| 000 -LEADER | |
|---|---|
| fixed length control field | 00388 a2200121 4500 |
| 001 - CONTROL NUMBER | |
| control field | ART_8673 |
| 005 - DATE AND TIME OF LATEST TRANSACTION | |
| control field | 20260410161558.0 |
| 008 - FIXED-LENGTH DATA ELEMENTS--GENERAL INFORMATION | |
| fixed length control field | 260409a |
| 100 1# - MAIN ENTRY--PERSONAL NAME | |
| Personal name | Geba, Norma Beatriz |
| 245 10 - TITLE STATEMENT | |
| Title | La documentación de la auditoría de los balances sociales |
| 700 1# - ADDED ENTRY--PERSONAL NAME | |
| Personal name | Sebastián, Mónica P. |
| 773 0# - HOST ITEM ENTRY | |
| Title | Profesional & Empresaria |
| Related parts | - Año XII, Nº 140 (may. 2011) |
| Record control number | REV70 |
No hay ítems disponibles.